<?xml version="1.0" encoding="UTF-8"?>
<record
    xmlns:xsi="http://www.w3.org/2001/XMLSchema-instance"
    xsi:schemaLocation="http://www.loc.gov/MARC21/slim http://www.loc.gov/standards/marcxml/schema/MARC21slim.xsd"
    xmlns="http://www.loc.gov/MARC21/slim">

  <leader>00678nam a22001217a 4500</leader>
  <controlfield tag="008">110616t        xxu||||| |||| 00| 0 eng d</controlfield>
  <datafield tag="010" ind1=" " ind2=" ">
    <subfield code="a">CACAF46</subfield>
  </datafield>
  <datafield tag="245" ind1=" " ind2=" ">
    <subfield code="a">Court of Appeal Criminal Appeal No. 56 OF 2000 Janet Mureeba and 2 others Vs Uganda </subfield>
  </datafield>
  <datafield tag="260" ind1=" " ind2=" ">
    <subfield code="c">2000</subfield>
  </datafield>
  <datafield tag="500" ind1=" " ind2=" ">
    <subfield code="a">Coram: Hon. Lady Justice A.E.N. Mpagi-Bahigeine, JA
           Hon. Mr. Justice S.G. Engwau, JA
           Hon. Lady Justice C.N.B. Kitumba, JA</subfield>
  </datafield>
  <datafield tag="500" ind1=" " ind2=" ">
    <subfield code="a">An Appeal from both the convictions and sentences of the High Court at Kampala Kania J., dated 4.8.2000 in Criminal Session Case No. 511 of 1999</subfield>
  </datafield>
  <datafield tag="999" ind1=" " ind2=" ">
    <subfield code="c">3078</subfield>
    <subfield code="d">3078</subfield>
  </datafield>
  <datafield tag="952" ind1=" " ind2=" ">
    <subfield code="0">0</subfield>
    <subfield code="1">0</subfield>
    <subfield code="2">ddc</subfield>
    <subfield code="4">0</subfield>
    <subfield code="6">CACA_F_46</subfield>
    <subfield code="7">0</subfield>
    <subfield code="9">4740</subfield>
    <subfield code="a">MAIN</subfield>
    <subfield code="b">MAIN</subfield>
    <subfield code="c">LRP</subfield>
    <subfield code="d">2011-06-16</subfield>
    <subfield code="l">0</subfield>
    <subfield code="o">CACA F_46</subfield>
    <subfield code="p">56/2000/1</subfield>
    <subfield code="r">2011-06-16 00:00:00</subfield>
    <subfield code="w">2011-06-16</subfield>
    <subfield code="y">URC</subfield>
  </datafield>
</record>
